000 00251nam a2200109Ia 4500
008 200302s9999 xx 000 0 und d
100 _aJerome Malitz
245 _aPersonal Landscapes
260 _bTimber Press Inc.
260 _c1989
300 _a272 P.,
999 _c1179
_d1179